| 000 | 00403nam a22001577a 4500 | ||
|---|---|---|---|
| 003 | OSt | ||
| 005 | 20260319143432.0 | ||
| 008 | 260319b |||||||| |||| 00| 0 eng d | ||
| 020 | _a9789390709687 | ||
| 040 | _cIIMT UNIVERCITY MEERUT | ||
| 100 | _aV Alagarsamy | ||
| 245 | _aTextbook of Medicinal Chemistry | ||
| 260 |
_aNEW DELHI _bCBS Publishers & Distributors |
||
| 300 | _a719 | ||
| 942 |
_2ddc _c01 |
||
| 999 |
_c67293 _d67293 |
||